[Event "Capital of Siberia Open"]
[Site "Novosibirsk RUS"]
[Date "2002.07.24"]
[Round "6"]
[White "Permiakov,V"]
[Black "Vassiliev,G"]
[Result "1-0"]
[WhiteElo "2351"]
[BlackElo "2276"]

1.Nf3 d5 2.g3 c6 3.Bg2 Bg4 4.c4 Nd7 5.cxd5 cxd5 6.Qa4 Bxf3 7.Bxf3 e6 8.Nc3 Nf6
9.d3 Bd6 10.O-O O-O 11.e4 dxe4 12.dxe4 Bc5 13.Rd1 Qc7 14.Be2 a6 15.Kg2 b5
16.Qb3 Rac8 17.f3 Ba7 18.Bf4 e5 19.Bd2 Qb6 20.Rf1 Nc5 21.Qb4 Ne6 22.a4 Nd4
23.axb5 Nc2 24.Qa5 Nxa1 25.Qxb6 Bxb6 26.Rxa1 axb5 27.Bxb5 Rfd8 28.Be1 Be3
29.Kf1 Bd2 30.Ke2 Bxe1 31.Rxe1 Rd4 32.Bd3 Rb8 33.Rb1 Rdb4 34.Nd1 Nd7 35.Rc1 Kf8
36.Rc7 Ke7 37.Rc6 R8b6 38.Rc8 g5 39.Ke3 Rb8 40.Rc6 Rb3 41.Ke2 R8b6 42.Rc7 Rh6
43.Nc3 Rxb2+ 44.Ke3 Kd8 45.Nd5 Rd6 46.Ra7 f5 47.f4 Nb6 48.fxe5 Nxd5+ 49.Kd4 fxe4
50.exd6 exd3 51.Kxd5 d2 52.Ke6 Rb8 53.Rxh7 Kc8 54.Rc7+ Kd8 55.Rf7 Kc8 56.Rf1 Rb6
57.Rd1 Rb2 58.Ke7 Rb7+ 59.Ke8 Rh7 60.Rxd2 Rh8+ 61.Ke7 Rh7+ 62.Ke6 Rh6+ 63.Kf5 Kd7  1-0

[Event "Capital of Siberia Open"]
[Site "Novosibirsk RUS"]
[Date "2002.07.24"]
[Round "6"]
[White "Chigvintsev,A"]
[Black "Shevchenko,Vit"]
[Result "1/2-1/2"]
[WhiteElo "2389"]
[BlackElo "2167"]

1.Nf3 d5 2.g3 c6 3.Bg2 Bg4 4.b3 Nd7 5.Bb2 Ngf6 6.O-O e6 7.d3 Bc5 8.c4 O-O
9.Nbd2 Qe7 10.a3 a5 11.d4 Ba7 12.h3 Bh5 13.Rc1 Ne4 14.Nxe4 dxe4 15.Nh2 f5
16.Qd2 Rfd8 17.f4 exf3 18.exf3 e5 19.Rfe1 Qf6 20.g4 Bg6 21.gxf5 Bxf5 22.Ng4 Bxg4
23.fxg4 Bxd4+ 24.Bxd4 exd4 25.c5 Nf8 26.Qd3 Ng6 27.Qc4+ Kh8 28.Re6 Ne5 29.Rxf6 Nxc4
30.Rf7 Ne3 31.Re1 Re8 32.Rxb7 d3 33.Rd7 Nxg2 34.Rxe8+ Rxe8 35.Kxg2 h5 36.Rxd3 hxg4
37.hxg4 Re2+ 38.Kf3 Rc2 39.b4 axb4 40.axb4 Rc4  1/2-1/2

[Event "KB Czech Open"]
[Site "Pardubice CZE"]
[Date "2002.07.25"]
[Round "7"]
[White "Espig,L"]
[Black "Ganguly,S"]
[Result "0-1"]
[WhiteElo "2408"]
[BlackElo "2524"]

1.Nf3 d5 2.g3 g6 3.Bg2 Bg7 4.d4 Nf6 5.O-O O-O 6.c4 Nc6 7.cxd5 Nxd5 8.Nc3 Nb6
9.e3 e5 10.d5 Na5 11.e4 c6 12.Bg5 f6 13.Be3 cxd5 14.Bxb6 Qxb6 15.Nxd5 Qd8
16.b4 Nc6 17.Qb3 Be6 18.Rad1 f5 19.Qb1 Nd4 20.Nxd4 exd4 21.Nf4 Bc4 22.Rfe1 fxe4
23.Qxe4 Rb8 24.Bh3 Re8 25.Qc2 Bf7 26.Be6 Qf6 27.Bxf7+ Qxf7 28.Nd3 Rbc8 29.Rxe8+ Qxe8
30.Qb3+ Qf7 31.Rc1 Rc3 32.Rxc3 dxc3 33.Ne1 Qxb3 34.axb3 Kf7 35.Kf1 Ke6 36.Ke2 Bd4
37.Nc2 Kd5 38.f3 a6 39.Ke1 h5 40.Ke2 Bg1 41.h4 Bb6 42.Ne1 Bc7 43.g4 Bg3 44.gxh5 gxh5
45.Ng2 Kd4 46.Ne3 c2 47.Nxc2+ Kc3 48.Ne3 Kxb4 49.Nf5 Be5  0-1

[Event "KB Czech Open"]
[Site "Pardubice CZE"]
[Date "2002.07.25"]
[Round "7"]
[White "Harikrishna,P"]
[Black "Potkin,V"]
[Result "1/2-1/2"]
[WhiteElo "2568"]
[BlackElo "2485"]

1.Nf3 d5 2.g3 Nf6 3.Bg2 e6 4.O-O Be7 5.d4 O-O 6.c4 c5 7.cxd5 exd5 8.Nc3 Nc6
9.Bg5 cxd4 10.Nxd4 h6 11.Be3 Re8 12.Qb3 Na5 13.Qc2 Bg4 14.Nf5 Bb4 15.Bd4 Bxc3
16.Bxc3 Rxe2 17.Qd3 Re8 18.Ne3 Be6 19.Rfd1 Nc6 20.Nxd5 Nxd5 21.Bxd5 Bxd5
22.Qxd5 Qxd5 23.Rxd5 Rad8 24.Rad1 Rxd5 25.Rxd5 f6 26.Kg2 Kf7 27.Kf3 Ke6 28.Ke4 Kf7+
29.Kf4 Ke6 30.Rd1 Rd8 31.Rxd8 Nxd8 32.Ke4 h5 33.f3  1/2-1/2

[Event "Macedonian Open"]
[Site "Struga MKD"]
[Date "2002.07.25"]
[Round "6"]
[White "Gorgieski,D"]
[Black "Bujukliev,N"]
[Result "1/2-1/2"]
[WhiteElo "2242"]
[BlackElo "2180"]

1.Nf3 d5 2.g3 c5 3.Bg2 Nc6 4.O-O g6 5.c4 Nf6 6.cxd5 Nxd5 7.d4 Bg7 8.e4 Nc7
9.d5 Nd4 10.Nxd4 cxd4 11.Qa4+ Bd7 12.Qb4 Bb5 13.Re1 O-O 14.Na3 Ba6 15.Bg5 Re8
16.Rac1 h6 17.Bd2 Qd7 18.h3 e5 19.Qb3 Rec8 20.f4 Ne8 21.fxe5 Bxe5 22.Bxh6 Qd6
23.g4 Bh2+ 24.Kh1 Bg3 25.Rxc8 Rxc8 26.Rc1 Rxc1+ 27.Bxc1 Be5 28.Bd2 Qb6 29.Qf3 Qd6
30.Nc2 Kg7 31.Nb4 Nf6 32.Nd3 Bxd3 33.Qxd3 Qb6 34.b3 Qc7 35.Qc4 Qd7 36.Qc1 Qd6
37.a4 Nd7 38.Qb2 Qf6 39.Qc1 Qd6 40.Be1 Qa6 41.Qc4 Qf6 42.Qf1 Qd6 43.Bf2 Qa3
44.Qd1 Qb2 45.Be1 Nc5 46.Kg1 Nxb3 47.h4 Nc1 48.Qd2 Qxd2 49.Bxd2 Nb3 50.Bb4 a5
51.Be7 Bg3 52.Bf3 f6 53.g5 fxg5 54.hxg5 Kf7 55.Bf6 b5 56.axb5 a4 57.Bd1 d3
58.Kf1 Nc5 59.Bd4 Nxe4 60.Bxa4 Nxg5 61.b6 Ne4 62.Bb5 Nf6 63.Bc6 Ne4 64.b7 Bb8
65.Bb5 Nf6 66.Bc4 Ke7 67.Bc5+ Kd8 68.Bd4 Ne8 69.Bxd3 g5 70.Bb6+ Ke7 71.Be3 g4
72.Kg2 Nd6 73.Bf4 Kd7 74.Bb5+ Kc7 75.Bc6 Ba7 76.Kg3 Bc5 77.Kxg4 Kb8 78.Kf3 Ka7
79.Be3 Bxe3 80.Kxe3 Nxb7 81.Kd4 Nd8 82.Kc5 Kb8 83.Kd6 Nf7+ 84.Ke7 Ne5 85.Bb5 Ng6+
86.Kf6 Nf4 87.d6 Kc8 88.Ke7 Nd5+ 89.Ke8 Nf6+ 90.Ke7 Nd5+ 91.Ke6 Nb6  1/2-1/2

[Event "ch-TUR"]
[Site "Ankara TUR"]
[Date "2002.07.26"]
[Round "4"]
[White "Arduman,C"]
[Black "Atakisi,U"]
[Result "1-0"]
[WhiteElo "2358"]
[BlackElo "2361"]

1.Nf3 d5 2.g3 c6 3.Bg2 Bg4 4.c4 e6 5.cxd5 exd5 6.O-O Nd7 7.d3 Ngf6 8.Nc3 Bc5
9.Na4 Bb6 10.Nxb6 axb6 11.Nd4 Nc5 12.h3 Bd7 13.b3 O-O 14.Bb2 b5 15.Qd2 Ne6
16.Nf5 Ne8 17.e4 N6c7 18.Ne3 Be6 19.Qc3 Qd7 20.Kh2 f5 21.exf5 Bxf5 22.Nxf5 Qxf5
23.a4 Nf6 24.Qe5 Qd7 25.Qd4 Ne6 26.Qb4 bxa4 27.bxa4 Ra6 28.a5 c5 29.Qb3 Nd4
30.Bxd4 cxd4 31.Qb4 Rfa8 32.Rfb1 Qc7 33.Qxd4 Rxa5 34.Rxa5 Rxa5 35.Qb4 Ra2
36.Qd4 Ra5 37.Rb2 h6 38.Re2 Qc5 39.Qf4 Ra8 40.d4 Qf8 41.Qc7 Rb8 42.Re7 Re8
43.Rxe8 Qxe8 44.Qxb7 Qe6 45.Qb8+ Kh7 46.Qe5 Qc6 47.Qf5+ Kh8 48.Qe5 Kh7 49.Bf3 Kh8
50.Kg2 Kg8 51.h4 Kf7 52.Qf4 Qe6 53.g4 Ke7 54.Kg3 Qd6 55.Qxd6+ Kxd6 56.Kf4 Ke6
57.g5 Ng8 58.Bg4+ Kd6 59.gxh6 gxh6 60.Kf5 Ne7+ 61.Kf6 Nc6 62.Kg7 Ke7 63.Kxh6 Kf6
64.Kh7 Nxd4 65.h5 Nc6 66.f4 Ne7 67.Be2 Kf7 68.Bd3 Kf6 69.Bg6 d4 70.Bc2 Kf7
71.Bb3+ Kf8 72.Bc4 Nf5 73.Kg6 Ne7+ 74.Kf6 d3 75.h6 d2 76.h7 Ng6 77.Kxg6 d1=Q
78.h8=Q+ Ke7 79.Qe5+ Kf8  1-0

[Event "2nd Summer Open"]
[Site "Savaria HUN"]
[Date "2002.07.26"]
[Round "1"]
[White "Horvath,Re"]
[Black "Galyas,M"]
[Result "0-1"]
[WhiteElo "2032"]
[BlackElo "2407"]

1.Nf3 d5 2.g3 Nf6 3.Bg2 c6 4.O-O Bg4 5.d4 e6 6.c4 Nbd7 7.b3 Bd6 8.Bb2 O-O
9.cxd5 exd5 10.Nc3 Re8 11.Rc1 Qe7 12.Qc2 Ne4 13.e3 h6 14.Nd2 Nxc3 15.Bxc3 Nf6
16.Rfe1 Bh5 17.e4 Bg6 18.f3 Bb4 19.Bxb4 Qxb4 20.Qc3 Qxc3 21.Rxc3 dxe4 22.fxe4 Rad8
23.e5 Rxd4 24.Nc4 Nd5 25.Rcc1 Nb4 26.Rcd1 Rxd1 27.Rxd1 Nd3 28.Nd6 Re7 29.Ne4 Nxe5
30.Rd8+ Kh7 31.Nc5 b6 32.Na4 c5 33.Nc3 Ng4 34.Bf3 Re3 35.Bxg4 Rxc3  0-1

[Event "Open"]
[Site "Bergen NOR"]
[Date "2002.07.27"]
[Round "8"]
[White "Bern,I"]
[Black "Ovsejevitsch,S"]
[Result "0-1"]
[WhiteElo "2362"]
[BlackElo "2528"]

1.Nf3 d5 2.g3 c6 3.Bg2 Bg4 4.O-O Nd7 5.d3 Ngf6 6.Nbd2 e5 7.c4 d4 8.h3 Be6
9.a3 a5 10.b3 h6 11.Rb1 Bd6 12.b4 axb4 13.axb4 O-O 14.Qc2 Re8 15.b5 c5 16.Bb2 Rb8
17.Ra1 Nf8 18.Ra7 Qc8 19.Kh2 Ng6 20.Rfa1 Bf5 21.Ne4 Nxe4 22.dxe4 Be6 23.Ng1 Nf8
24.Bc1 Nd7 25.e3 Nb6 26.Bf1 f5 27.exf5 Bxf5 28.e4 Be6 29.f4 exf4 30.gxf4 Rf8
31.e5 Bxe5 32.fxe5 Rxf1 33.Bxh6 Rf5 34.Qg2 Qf8 35.Rxb7 Rxb7 36.Qxb7 Rf2+
37.Kh1 Bxc4  0-1

[Event "Open"]
[Site "Bergen NOR"]
[Date "2002.07.27"]
[Round "8"]
[White "Vasquez,G"]
[Black "Sander,R"]
[Result "1-0"]
[WhiteElo "2051"]
[BlackElo "2061"]

1.Nf3 d5 2.g3 Bg4 3.Bg2 Nd7 4.d4 c6 5.Nbd2 e6 6.O-O Bd6 7.e4 e5 8.c3 Ngf6
9.Qc2 O-O 10.exd5 cxd5 11.dxe5 Nxe5 12.Nxe5 Bxe5 13.Nf3 Bd6 14.Nd4 Be5 15.Be3 Rc8
16.h3 Bh5 17.f4 Bc7 18.g4 Re8 19.Qd3 Bxg4 20.hxg4 Nxg4 21.Bd2 Bb6 22.Rf3 Qh4
23.Rh3 Qf2+ 24.Kh1 Bxd4 25.cxd4 Re2 26.Qxh7+ Kf8 27.Bb4+ Ke8 28.Qg8+ Kd7
29.Qxf7+ Kc6 30.Qxd5+  1-0

[Event "Open"]
[Site "Bergen NOR"]
[Date "2002.07.28"]
[Round "9"]
[White "Ovsejevitsch,S"]
[Black "Bach,M"]
[Result "1/2-1/2"]
[WhiteElo "2528"]
[BlackElo "2314"]

1.Nf3 d5 2.g3 c5 3.Bg2 Nf6 4.O-O e6 5.c4 Be7 6.cxd5 exd5 7.d4 O-O 8.dxc5 Bxc5
9.a3 a5 10.Bg5 Nc6 11.Nc3 d4 12.Nb5 h6 13.Bxf6 Qxf6 14.Rc1 Bb6 15.Nd2 Bg4
16.Nc4 Ne5 17.Nxb6 Qxb6 18.Qxd4 Qxb5 19.Rc5 Qb6 20.Qxe5 Rfe8 21.Qc3 Bxe2
22.Re1 Bg4 23.Rxe8+ Rxe8 24.h3 Bd7 25.Rxa5 Re2 26.Ra8+ Be8 27.Qf3 Qxb2 28.a4 Qc1+
29.Kh2 Qe1 30.g4 g6 31.Qf4 Kg7 32.Qd4+ f6 33.Kg3 Re7 34.Kh2 Bc6 35.Bxc6 bxc6
36.Ra7 Kf7 37.Rxe7+ Kxe7 38.Qc5+ Kd7 39.a5 Qe5+ 40.Qxe5 fxe5 41.Kg3 c5 42.f4 c4
43.a6 c3 44.fxe5 c2  1/2-1/2

[Event "6th Open"]
[Site "Korinthos GRE"]
[Date "2002.07.28"]
[Round "6"]
[White "Simeonidis,I"]
[Black "Pambalou,F"]
[Result "1-0"]
[WhiteElo "2313"]
[BlackElo "2063"]

1.Nf3 d5 2.g3 Nf6 3.Bg2 c5 4.O-O Nc6 5.d4 e6 6.c4 dxc4 7.Qa4 Bd7 8.dxc5 Bxc5
9.Qxc4 Qb6 10.Nc3 Na5 11.Qh4 O-O 12.Ne5 Qb4 13.Ne4 Nxe4 14.Nxd7 f5 15.Nxf8 Rxf8
16.Bxe4 fxe4 17.Be3 Bxe3 18.fxe3 Rxf1+ 19.Rxf1 Nc6 20.Qf4 Qe7 21.Qxe4 h6
22.a3 a6 23.b4 Nd8 24.Rc1 Qd7 25.Qd4 Qxd4 26.exd4 Nc6 27.Rxc6 bxc6 28.e4 e5
29.d5 cxd5 30.exd5 Kf7 31.Kf2 Ke7 32.Ke3  1-0

[Event "4th Stage Russian Cup"]
[Site "Samara RUS"]
[Date "2002.07.28"]
[Round "3"]
[White "Akhmetov,A"]
[Black "Popov,Val"]
[Result "1/2-1/2"]
[WhiteElo "2482"]
[BlackElo "2579"]

1.Nf3 d5 2.g3 c5 3.Bg2 g6 4.O-O Bg7 5.c4 d4 6.e3 Nc6 7.exd4 cxd4 8.d3 Nh6
9.Re1 O-O 10.a3 a5 11.b3 f6 12.Ra2 e5 13.Rb2 Bg4 14.h3 Be6 15.b4 axb4 16.axb4 Qd7
17.b5 Ne7 18.Kh2 g5 19.Nbd2 g4 20.hxg4 Bxg4 21.Qb3 Ng6 22.Kg1 Kh8 23.Ra2 Rxa2
24.Qxa2 Qf5 25.Qc2 b6 26.Nh2 Bh3 27.Be4 Qc8 28.Ba3 Rf7 29.Ra1 Ra7 30.Ra2 Qc7
31.Bb4 Bf8 32.Bxf8 Nxf8 33.Nb3 Nd7 34.Ra6 Bf5 35.Bd5 Nb8 36.Rxa7 Qxa7 37.c5 bxc5
38.Qxc5 Qxc5 39.Nxc5 Kg7 40.Nf3 Kf8 41.Nd2 Ke7 42.Nc4 Nd7 43.Ne4 Nf7 44.b6 Bxe4
45.Bxe4 Nd6 46.Nxd6 Kxd6 47.b7 Kc7 48.Bxh7 Kxb7 49.f4 Kc6 50.Kf2 exf4 51.gxf4 Kc5
52.Bf5 Nb6 53.Kf3 Nd5 54.Be6 Nc3 55.Kg4 Kb4 56.Kf5 Ne2 57.Kxf6 Nxf4 58.Bf5 Kc3
59.Ke5 Nxd3+ 60.Kd5 Nf4+ 61.Ke5 Ng2 62.Be4 Ne3 63.Kf4 Nc4 64.Bh7 Nd6 65.Bg6  1/2-1/2

[Event "ch-TUR"]
[Site "Ankara TUR"]
[Date "2002.07.29"]
[Round "10"]
[White "Azizoglu,A"]
[Black "Duzgun,M"]
[Result "1/2-1/2"]
[WhiteElo "2003"]
[BlackElo "2087"]

1.Nf3 d5 2.g3 Nf6 3.Bg2 g6 4.c4 c6 5.cxd5 cxd5 6.d4 Bg7 7.Nc3 O-O 8.Ne5 Nc6
9.Nxc6 bxc6 10.O-O Rb8 11.Qa4 Qb6 12.Bf4 Rb7 13.b3 Nd7 14.Be3 Nf6 15.h3 a5
16.Rac1 Qa6 17.Rfd1 Bd7 18.Qa3 Rb4 19.Rd2 Ra8 20.g4 h5 21.g5 Ne8 22.Na4 e5
23.Qb2 exd4 24.Bxd4 Rxd4 25.Rxd4 Bxd4 26.Qxd4 Qxe2 27.Nb6 Rd8 28.Nxd7 Rxd7
29.Rxc6 Qe1+ 30.Kh2 Qe7 31.Rc8 Rd8 32.Rxd8 Qxd8 33.Qxd5 Qc7+ 34.Kg1 Qc1+
35.Bf1 Ng7 36.Qd8+ Kh7 37.Qf6 Kg8 38.Qe7 Ne6 39.h4 Qf4 40.Bc4 Qg4+ 41.Kf1 Qd1+
42.Kg2  1/2-1/2

[Event "6th Open"]
[Site "Korinthos GRE"]
[Date "2002.07.29"]
[Round "7"]
[White "Simeonidis,I"]
[Black "Kosic,D"]
[Result "0-1"]
[WhiteElo "2313"]
[BlackElo "2537"]

1.Nf3 d5 2.g3 Bg4 3.Bg2 Nd7 4.O-O c6 5.d3 e6 6.Nbd2 Bd6 7.Qe1 Ne7 8.e4 O-O
9.h3 Bh5 10.b3 Qb6 11.Kh1 Bb4 12.g4 Bg6 13.Bb2 Rad8 14.a3 dxe4 15.dxe4 Bxd2
16.Nxd2 e5 17.a4 Rfe8 18.Nc4 Qc7 19.Qe3 b6 20.Rfd1 Nc8 21.Ba3 Nf8 22.Qc3 f6
23.Bxf8 Kxf8 24.f3 Bf7 25.Bf1 Bxc4 26.Bxc4 Rd4 27.Rxd4 exd4 28.Qxd4 Qg3 29.Be2 Qxh3+
30.Kg1 Qg3+ 31.Kf1 Nd6 32.Rd1 Nf7 33.Qf2 Qf4 34.Kg2 h5 35.Qg3 Qe3 36.Kf1 Rxe4
37.Bc4 Rf4  0-1

[Event "4th Stage Russian Cup"]
[Site "Samara RUS"]
[Date "2002.07.29"]
[Round "4"]
[White "Yandemirov,V"]
[Black "Kalinin,Michail"]
[Result "1-0"]
[WhiteElo "2502"]
[BlackElo "2303"]

1.Nf3 d5 2.g3 Nf6 3.Bg2 b6 4.c4 c6 5.O-O e6 6.d3 Bb7 7.Nbd2 Be7 8.b3 Nbd7
9.Bb2 Rc8 10.e4 Nc5 11.Ne5 O-O 12.Qe2 Ne8 13.d4 Nxe4 14.Nxe4 dxe4 15.Qxe4 Nf6
16.Qe2 Rc7 17.Rfd1 Qa8 18.Rd3 c5 19.Bxb7 Qxb7 20.Rad1 b5 21.dxc5 Bxc5 22.cxb5 Qxb5
23.Ng4 Nxg4 24.Qxg4 e5 25.a4 Qe8 26.Rd8 Qe7 27.Rxf8+ Kxf8 28.Qe4 Qf6 29.Qa8+ Ke7
30.Qd8+ Ke6 31.Qd5+ Kf5 32.Rd3 Kg6 33.Rf3 Qe6 34.Qxe6+ fxe6 35.Bxe5 Rb7 36.Kf1 h5
37.Ke2 Rd7 38.Rd3 Rf7 39.Bd4 Bb4 40.Re3 Re7 41.Re5 Bd6 42.Ra5 Bb8 43.f4 h4
44.Kd3 Rb7 45.Rg5+ Kh6 46.Kc4 Bd6 47.Bc5 Rc7 48.b4 e5 49.Kd5 exf4 50.Bxd6 fxg3
51.Bxc7 gxh2 52.Bxh2 Kxg5 53.b5 Kf5 54.a5 g5 55.b6 axb6 56.axb6 g4 57.b7 g3
58.b8=Q  1-0

[Event "ch-IRI"]
[Site "Tehran IRI"]
[Date "2002.07.29"]
[Round "2"]
[White "Ghaem Maghami,E"]
[Black "Nasri,A"]
[Result "1-0"]
[WhiteElo "2517"]
[BlackElo "2254"]

1.Nf3 d5 2.g3 c5 3.c4 e6 4.cxd5 exd5 5.d4 Nf6 6.Bg2 Nc6 7.O-O Be7 8.Nc3 O-O
9.Bg5 c4 10.b3 Qa5 11.Qc2 Be6 12.a3 b5 13.Rfd1 Rfd8 14.bxc4 bxc4 15.Ne5 Rac8
16.Rab1 Qxa3 17.Nxc6 Rxc6 18.e4 dxe4 19.Bxf6 Bxf6 20.d5 Qxc3 21.Qxc3 Bxc3
22.dxc6 Rxd1+ 23.Rxd1 Ba5 24.Bxe4 Kf8 25.Bd5 c3 26.Bxe6 fxe6 27.Ra1 c2 28.Rc1 Ke7
29.Rxc2 Kd6 30.f4 Bb6+ 31.Kf1 a5 32.Ke2 a4 33.Ra2 Kxc6 34.Rxa4 Kd5 35.Ra6 Bd8
36.Ra7 Bf6 37.g4 Ke4 38.Ra4+ Bd4 39.h3 h6 40.Rb4 e5 41.f5 Kf4 42.Kd3 h5 43.Rb7 hxg4
44.hxg4 Ba1 45.Rb4+ Kg5 46.Ke4 Kxg4 47.Rb6 Kg5 48.Rg6+ Kh5 49.Rxg7  1-0

[Event "ch-GBR"]
[Site "Torquay ENG"]
[Date "2002.07.29"]
[Round "1"]
[White "Vijayalakshmi,S"]
[Black "Harikrishna,P"]
[Result "1/2-1/2"]
[WhiteElo "2399"]
[BlackElo "2568"]

1.Nf3 d5 2.g3 c6 3.Bg2 Bg4 4.O-O Nd7 5.d3 Ngf6 6.b3 e5 7.Bb2 Bd6 8.Nbd2 O-O
9.e4 Re8 10.h3 Bh5 11.Qe1 a5 12.a3 Nc5 13.exd5 Nxd5 14.Ne4 f6 15.Nxc5 Bxc5
16.Nd2 Bd4 17.Qc1 Nc3 18.Kh2 f5 19.Nf3 Bxf3 20.Bxf3 e4 21.dxe4 fxe4 22.Bh5 g6
23.Bg4 e3 24.fxe3 Bxe3 25.Qe1 Bg1+ 26.Kxg1 Rxe1 27.Raxe1 Qd4+ 28.Kg2 Rf8
29.Be6+ Kg7 30.Rxf8 Kxf8 31.Bc1 Ne4 32.Rf1+ Ke7 33.Bc4 Nd2 34.Rf4 Qd6 35.Bd3 Qd5+
36.Kf2 g5 37.Rf5 Ne4+ 38.Bxe4 Qxe4 39.Bxg5+ Ke6 40.Rc5 b6 41.Rc4 Qf5+ 42.Bf4 Kd5
43.Ke3 Qf6 44.Kd2 Qb2 45.a4 b5 46.axb5 cxb5 47.Rc3 a4 48.bxa4 bxa4 49.Rd3+ Kc4
50.Bd6 Qf6 51.h4 h5 52.Ba3 Kb5 53.Rd5+ Kc6 54.Rd3 Qf1 55.Rd6+ Kc7 56.Rd3 Qb1
57.Bd6+ Kd7 58.Ba3+ Ke6 59.Rd4 Qb5 60.Kc1 Qe5 61.Rxa4 Qa1+ 62.Kd2 Kd5 63.Kd3 Qd1+
64.Kc3 Qe1+ 65.Kb2 Qe5+ 66.Ka2 Qc3 67.Kb1 Qxg3 68.Bb2 Qe1+ 69.Ka2 Qe2 70.Kb3 Kc5
71.Bc3 Qf1 72.Kb2 Qb5+ 73.Rb4 Qe2 74.Rf4 Kb5 75.Bf6 Qe3 76.Bg5 Qe5+ 77.Kb3 Qe6+
78.Ka3 Qe3+ 79.Ka2 Qc3 80.Kb1 Qe1+ 81.Kb2 Qe5+ 82.Kb3 Qe6+ 83.Kc3 Qe3+ 84.Kb2 Qe5+  1/2-1/2

[Event "4th Stage Russian Cup"]
[Site "Samara RUS"]
[Date "2002.07.30"]
[Round "5"]
[White "Akhmetov,A"]
[Black "Sidorov,A"]
[Result "1/2-1/2"]
[WhiteElo "2482"]
[BlackElo "2384"]

1.Nf3 d5 2.g3 Nc6 3.d4 Bf5 4.Bg2 e6 5.O-O h6 6.b3 a5 7.c4 a4 8.cxd5 exd5
9.bxa4 Nf6 10.Nc3 Bb4 11.Nb5 O-O 12.Bf4 Ba5 13.Rc1 Ne4 14.Nd2 Nxd2 15.Bxd2 Bb6
16.Qb3 Be6 17.e3 Qd7 18.Rc2 Na5 19.Bxa5 Bxa5 20.Nc3 c6 21.Rfc1 Ra7 22.Nd1 h5
23.Nb2 Bf5 24.Nd3 Qe7 25.Rb2 Bxd3 26.Qxd3 g6 27.Bf3 Re8 28.Rcb1 Qf6 29.Kg2 Re7
30.Rb3 Kg7 31.R1b2 Rd7 32.Qb1 Qe7 33.h4 Bd8 34.Bd1 Qe4+ 35.Qxe4 dxe4 36.Bc2 f5
37.Kf1 Kf6 38.Rc3 Be7 39.Ke2 Ra5 40.Rb1 Bd6 41.Rc4 Kg7 42.Rb3  1/2-1/2

[Event "4th Stage Russian Cup"]
[Site "Samara RUS"]
[Date "2002.08.01"]
[Round "7"]
[White "Akhmetov,A"]
[Black "Belozerov,A"]
[Result "1/2-1/2"]
[WhiteElo "2482"]
[BlackElo "2541"]

1.Nf3 d5 2.g3 Nf6 3.Bg2 e6 4.O-O Be7 5.c4 O-O 6.d4 dxc4 7.Qa4 a6 8.Qxc4 b5
9.Qc2 Bb7 10.Bf4 Nc6 11.Rd1 Nb4 12.Qc1 Rc8 13.Nc3 Nbd5 14.Ne5 c5 15.Nxd5 Bxd5
16.Bxd5 Nxd5 17.dxc5 Bxc5 18.Qd2 Bb4 19.Qd3 f6 20.Nf3 Nxf4 21.gxf4 Qxd3 22.Rxd3 Rc2
23.a3 Be7 24.Nd4 Rxb2 25.Nxe6 Rc8 26.Re3 Rbc2 27.Nxg7 Bc5 28.Rg3 Rxe2 29.Ne6+ Kf7
30.Nxc5 Rxc5 31.Kg2 Rc4 32.Rf3 Ree4 33.Kg3 Kg6 34.Rd1 Red4 35.Rxd4 Rxd4 36.Rc3 Rc4
37.Rd3 Kf5 38.Rd5+ Ke6 39.Rd3 a5 40.Kg4 a4 41.Re3+ Kf7 42.h4 Rc2 43.f3 Rc4
44.h5 b4 45.axb4 Rxb4 46.Ra3 Rc4 47.Ra1 Kg7 48.Ra3 Kf8 49.Ra2 Ke7 50.Ra1 Kf7
51.Ra2 h6 52.Ra1 f5+ 53.Kxf5 Rc5+ 54.Ke4 Ra5 55.Kd3 Kf6 56.Kc3 Kf5 57.Kb4 Rd5
58.Kc4 Ra5 59.Kb4 Ra8 60.Rxa4 Rxa4+ 61.Kxa4 Kxf4 62.Kb4 Kxf3 63.Kc4 Kg4 64.Kd3 Kxh5  1/2-1/2

[Event "2nd Summer Open"]
[Site "Savaria HUN"]
[Date "2002.08.01"]
[Round "9"]
[White "Manescu,T"]
[Black "Erdos,V"]
[Result "1/2-1/2"]
[WhiteElo "2330"]
[BlackElo "2446"]

1.Nf3 d5 2.g3 Nc6 3.Bg2 e5 4.d3 Bg4 5.h3 Bh5 6.Nbd2 Nf6 7.e4 dxe4 8.dxe4 Bc5
9.O-O O-O 10.Re1 Qd7 11.c3 a5 12.a4 Rad8 13.Qc2 Bg6 14.Nh4 Ne8 15.Nf1 Nd6
16.Be3 Bxe3 17.Nxe3 Ne7 18.Rad1 Qe6 19.b3 c6 20.Nxg6 hxg6 21.f4 exf4 22.gxf4 Qc8
23.Kh2 Qc7 24.h4 Rfe8 25.e5 Ndf5 26.Be4 Rxd1 27.Qxd1 Rd8 28.Qc2 Nxh4 29.Kg3 Nhf5+
30.Bxf5 gxf5 31.Nxf5 Nxf5+ 32.Qxf5 g6 33.Qc2 Qd7 34.Re3 Qe6 35.Rd3 Rd5 36.c4 Rd7
37.Qd2 Rxd3+ 38.Qxd3 Kg7 39.Qc3 b6 40.Qd3 Qe7 41.Qd4 c5 42.Qd5 Qc7 43.Qd1 Qc8
44.Qd3 Qe6 45.Qd5 Qf5 46.Qd8 Qe6 47.Qd5 Qf5 48.Qd8 Qe6  1/2-1/2

[Event "It"]
[Site "Stockholm SWE"]
[Date "2002.08.03"]
[Round "1"]
[White "Poley,V"]
[Black "Rytshagov,M"]
[Result "1/2-1/2"]
[WhiteElo "2334"]
[BlackElo "2503"]

1.Nf3 d5 2.g3 c5 3.Bg2 g6 4.O-O Bg7 5.c4 d4 6.d3 Nc6 7.Na3 e5 8.e3 Nge7 9.exd4 cxd4
10.Re1 O-O 11.Rb1 f6 12.b4 a5 13.bxa5 Qxa5 14.Nb5 Qxa2 15.Rb3 Qa4 16.Bd2 Rd8
17.h4 Bf5 18.Nh2 Rac8 19.Qb1 Qa8 20.Bf3 Qb8 21.h5 gxh5 22.Bxh5 Ng6 23.Ng4 Rd7
24.Nh6+ Bxh6 25.Bxh6 Nd8 26.Qd1 Nf7 27.Bd2 Kg7 28.Qf3 Be6 29.Ra1 Ng5 30.Bxg5 fxg5
31.Qe4 Rf8 32.Rb2 Bf5 33.Qe2 Qe8 34.c5 Qe6 35.Nd6 Bh3 36.Bf3 e4 37.Qxe4 Ne5
38.Bh1 Qf6 39.Ra7 Kh8 40.Raxb7 Rxb7 41.Nxb7 Bf5 42.Qd5 Bxd3 43.Nd6 Ng4 44.c6 Nxf2
45.c7 Nxh1 46.Kxh1 Qf1+ 47.Kh2 Rf2+ 48.Rxf2 Qxf2+ 49.Qg2 Qxg2+ 50.Kxg2 Ba6
51.Kf3 Kg7 52.c8=Q Bxc8 53.Nxc8 Kf6 54.Nd6 h5 55.Ke4 d3 56.Nc4 h4 57.g4 h3
58.Kf3 Ke6 59.Nd2 h2 60.Kg2 Ke5 61.Kxh2 Kf4 62.Kh3 Ke3 63.Nc4+ Kf3  1/2-1/2

[Event "7th Open"]
[Site "Creon FRA"]
[Date "2002.08.04"]
[Round "9"]
[White "Fournier,C"]
[Black "Lebraud,E"]
[Result "1/2-1/2"]
[WhiteElo "2120"]
[BlackElo "2033"]

1.Nf3 d5 2.g3 Nf6 3.Bg2 c6 4.O-O g6 5.d3 Bg7 6.Nbd2 O-O 7.c4 Re8 8.Rb1 e5
9.b4 dxc4 10.Nxc4 e4 11.Nfe5 exd3 12.exd3 Nd5 13.Nf3 Nc3 14.Qc2 Nxb1 15.Qxb1 Bf5
16.Rd1 Bg4 17.Bf4 Bxf3 18.Bxf3 g5 19.Be3 Bd4 20.Be4 Qf6 21.Rf1 Nd7 22.Qd1 h6
23.Qh5 Kg7 24.Kg2 b5 25.Bxd4 Qxd4 26.Ne3 Re5 27.Nf5+ Rxf5 28.Bxf5 Nf6 29.Qf3 Nd5
30.Be4 Nxb4 31.Qf5 Rh8 32.f4 Nd5 33.Bxd5 Qxd5+ 34.Qxd5 cxd5 35.fxg5 hxg5
36.Rf5 Rc8 37.Rxg5+ Kf6 38.Rxd5 Rc2+ 39.Kh3 Rxa2 40.Rxb5 Rd2 41.Ra5 Rxd3
42.Rxa7 Rd2  1/2-1/2

[Event "Ladies"]
[Site "Stockholm SWE"]
[Date "2002.08.04"]
[Round "2"]
[White "Hagesaether,E"]
[Black "Tetenkina,I"]
[Result "0-1"]
[WhiteElo "2137"]
[BlackElo "2221"]

1.Nf3 d5 2.g3 Nf6 3.Bg2 e6 4.O-O c5 5.d3 Nc6 6.Nbd2 Be7 7.e4 Qc7 8.Re1 b6
9.Nf1 Bb7 10.h4 O-O-O 11.e5 Nd7 12.Bf4 h6 13.Ne3 Nf8 14.c4 d4 15.Nc2 Ng6
16.a3 Nxf4 17.gxf4 g5 18.b4 gxf4 19.bxc5 bxc5 20.Re4 Rdg8 21.Nce1 Rg4 22.Rb1 Rhg8
23.Rxb7 Qxb7 24.Kf1 Bxh4 25.Nxh4 Rxh4 26.Bf3 Rh3 27.Rxf4 Rxf3 28.Nxf3 Qc7
29.Qa4 Nd8 30.Qa6+ Kb8 31.Rh4 Rg6 32.Qb5+ Qb7 33.Qe8 Kc8 34.Re4 Qb3 35.Ne1 Qxa3
36.Rf4 Qa6 37.Rxf7 Qc6 38.Rc7+ Qxc7 39.Qxg6 Qxe5 40.Qxh6 a5 41.Qd2 Qc7 42.Qb2 Qb7
43.Qxb7+ Kxb7 44.Ke2 Nc6 45.Kd2 Ne5 46.Kc2 Ng4 47.f3 Ne3+ 48.Kb3 e5 49.Ka4 Kb6
50.Ka3 Nd1 51.Ng2 Nc3 52.Nh4 Kc6 53.Ng6 Kd6 54.Kb3 Ne2 55.Nh4 Nf4 56.Nf5+ Kd7
57.Ka4 Nxd3 58.Kxa5 Ke6 59.Ng3 Kf6 60.Kb5 Kg5 61.Ne2 Nf4 62.Nc1 d3 63.Nb3 Ne6
64.Nd2 Kf4 65.Kc6 Nd4+ 66.Kxc5 Nxf3 67.Nb1 e4 68.Nc3 e3 69.Nd5+ Ke4 70.Nc3+ Ke5
71.Nd1 e2 72.Nf2 d2  0-1

[Event "XII Open"]
[Site "Pobla de Lillet ESP"]
[Date "2002.08.06"]
[Round "5"]
[White "Foisor,C"]
[Black "Arias Castanedo,J"]
[Result "1/2-1/2"]
[WhiteElo "2419"]
[BlackElo "2037"]

1.Nf3 d5 2.g3 e6 3.Bg2 Nf6 4.O-O Be7 5.d4 O-O 6.c4 Nbd7 7.Qc2 dxc4 8.Qxc4 c5
9.dxc5 Bxc5 10.b4 Bd6 11.Bb2 Qe7 12.a3 a5 13.b5 Nb6 14.Qh4 Nfd5 15.Qxe7 Bxe7
16.e4 Nf6 17.Nbd2 Na4 18.Bd4 Bd7 19.Rfb1 Rfc8 20.Ne5 Be8 21.Ndc4 Nd7 22.Nxd7 Rxc4
23.Nb6 Nxb6 24.Bxb6 Ra4 25.e5 Rxa3 26.Rxa3 Bxa3 27.Bc7 Bd7 28.b6 Bc8 29.Rd1 Be7
30.Bd6 Kf8 31.Rc1 a4 32.Bxe7+ Kxe7 33.Rc7+ Ke8 34.Bxb7 Bxb7 35.Rxb7 a3 36.Ra7 Rb8
37.Rxa3 Rxb6 38.Ra8+ Ke7 39.Ra7+ Ke8 40.Kg2 Rb5 41.f4 Rb2+ 42.Kh3 Rd2 43.g4 Rd4
44.Kg3 Rd5 45.g5 Rd8 46.Kg4 g6 47.h4 Rb8 48.h5 Rc8 49.h6 Rb8 50.Ra3 Ke7 51.Kf3 Ke8
52.Ke3 Ke7 53.Kd3 Rb4 54.Ra7+ Ke8 55.Ra8+ Ke7 56.Ke3 Rb3+ 57.Ke4 Rb4+ 58.Kf3 Rb3+
59.Kg4 Rd3 60.Rb8 Rd8 61.Rb3 Ra8 62.Kf3 Rc8 63.Ke3 Ra8 64.Rb4 Rd8 65.Ra4 Ke8
66.Ke4 Ke7 67.Ra6 Rd7 68.Rc6 Rd8 69.Rc4 Rd7 70.Rc3 Rd8 71.Rd3 Rxd3 72.Kxd3 Kd7
73.Kd4 Kc6 74.Kc4 Kb6 75.Kb4 Kc6  1/2-1/2

[Event "9th Open"]
[Site "Nice FRA"]
[Date "2002.08.07"]
[Round "3"]
[White "Dumitrache,D"]
[Black "Nisipeanu,LD"]
[Result "1/2-1/2"]
[WhiteElo "2504"]
[BlackElo "2613"]

1.Nf3 d5 2.g3 Nd7 3.d4 e6 4.Bg2 Ngf6 5.O-O Be7 6.c4 dxc4 7.Qa4 a6 8.Qxc4 b5
9.Qc2 Bb7 10.Bg5 O-O 11.Nbd2 Rc8 12.Nb3 Be4  1/2-1/2

[Event "Ladies"]
[Site "Stockholm SWE"]
[Date "2002.08.07"]
[Round "5"]
[White "Hagesaether,E"]
[Black "Matras,A"]
[Result "1/2-1/2"]
[WhiteElo "2137"]
[BlackElo "2247"]

1.Nf3 d5 2.g3 Nf6 3.Bg2 c6 4.O-O Bg4 5.d3 Nbd7 6.Qe1 e5 7.e4 dxe4 8.dxe4 Be7
9.Nbd2 O-O 10.Nc4 Qc7 11.Ne3 Bxf3 12.Bxf3 Rfe8 13.Nf5 Bf8 14.Bg5 h6 15.Bxf6 Nxf6
16.Rd1 Rad8 17.Qc3 Nd7 18.a3 Nc5 19.Qe3 Ne6 20.Rxd8 Rxd8 21.c3 Bc5 22.Qe2 Ng5
23.Bg2 Qd7 24.h4 Ne6 25.Ne3 Qd2 26.Qxd2 Rxd2 27.Nc4 Rc2 28.Bf3 b5 29.Bd1 Rxf2
30.Rxf2 bxc4 31.Be2 Bxf2+ 32.Kxf2 Nc5 33.Ke3 a5 34.Bxc4 a4 35.Be2 Kf8 36.Bd1 Ke7
37.Bc2 Ke6 38.g4 g6 39.Kf3 Kd6 40.Ke3 Kc7 41.Bd1 Kb6 42.Be2 f6 43.Bc4 Nb7
44.Kd3 Nd6 45.Ba2 Kc5 46.Be6 Kb5 47.Ba2 Kb6 48.Be6 Kc5 49.Ba2 Nc8 50.Be6 Ne7
51.Ba2 f5 52.gxf5 gxf5 53.exf5 Nxf5 54.h5 Nd6 55.b4+ axb3 56.Bxb3 Nf5  1/2-1/2